[Event "Titled Tue 20th May Late"]
[Site "chess.com INT"]
[Date "2025.05.20"]
[Round "9"]
[White "Ollier, Pablo"]
[Black "Garbuz, Vitaliy"]
[Result "0-1"]
[WhiteTitle "FM"]
[BlackTitle "CM"]
[WhiteElo "2284"]
[BlackElo "2224"]
[WhiteFideId "652318"]
[BlackFideId "12990710"]
[EventDate "2025.05.20"]

1. d4 d5 2. c4 e6 3. Nc3 a6 4. cxd5 exd5 5. Qb3 c6 6. e4 dxe4 7. Bc4 Qc7 8. a4
Nf6 9. Nge2 Bd6 10. Bg5 O-O 11. Bxf6 gxf6 12. Nxe4 Bf5 13. Nxf6+ Kh8 14. Ng3 Bg6
15. O-O Qe7 16. Qf3 Nd7 17. Ngh5 Nb6 18. Rfe1 Qc7 19. Bb3 Bxh2+ 20. Kh1 Bd6 21.
Qe3 Bxh5 22. Nxh5 f6 23. Qh6 Nd5 24. Bxd5 cxd5 25. Rac1 Qf7 26. Re6 Be7 27. Rc7
Rae8 28. Rxf6 Bd6 29. Rcxf7 Re1# 0-1

[Event "Titled Tue 20th May Late"]
[Site "chess.com INT"]
[Date "2025.05.20"]
[Round "9"]
[White "Matlak, Oleksandr"]
[Black "Kobla, Vishal"]
[Result "1-0"]
[BlackTitle "CM"]
[WhiteElo "2235"]
[BlackElo "1968"]
[WhiteFideId "148061879"]
[BlackFideId "2078457"]
[EventDate "2025.05.20"]

1. c4 e6 2. Nf3 d5 3. g3 Nf6 4. Bg2 Be7 5. O-O O-O 6. d4 dxc4 7. Ne5 Nc6 8. Nxc6
bxc6 9. Bxc6 Rb8 10. Nc3 Qd6 11. Bg2 c5 12. dxc5 Qxc5 13. Be3 Qa5 14. Qc2 Rd8
15. Rfd1 e5 16. Ne4 Be6 17. Ng5 Bd5 18. Bxd5 Rxd5 19. Rxd5 Qxd5 20. Bxa7 Ra8 21.
Be3 h6 22. Nf3 Ng4 23. Qd2 Qe4 24. a4 Nxe3 25. Qxe3 Qxe3 26. fxe3 f6 27. Nd2 Rc8
28. Rc1 Bc5 29. Rxc4 Bxe3+ 30. Kg2 Rb8 31. Ne4 Rxb2 32. Kf3 Bd4 33. Nd6 Rb3+ 34.
Ke4 Re3+ 35. Kf5 Rxe2 36. Kg6 Kf8 37. Rc7 1-0

[Event "Titled Tue 20th May Late"]
[Site "chess.com INT"]
[Date "2025.05.20"]
[Round "9"]
[White "Shevkunov, Vladyslav"]
[Black "Yevchenko, Oleksandr"]
[Result "1-0"]
[BlackTitle "CM"]
[WhiteElo "2073"]
[BlackElo "2276"]
[WhiteFideId "30953448"]
[BlackFideId "14108267"]
[EventDate "2025.05.20"]

1. e4 c5 2. Nf3 d6 3. Bb5+ Bd7 4. Bxd7+ Qxd7 5. c4 Nf6 6. Nc3 e5 7. O-O Be7 8.
d3 O-O 9. Ne1 Nc6 10. f4 Nd4 11. Nf3 Nxf3+ 12. Rxf3 g6 13. fxe5 dxe5 14. Bh6
Rfe8 15. Qf1 Qe6 16. Nd5 Ng4 17. Bd2 Kg7 18. Nc7 Qd6 19. Nxa8 f6 20. h3 Nh6 21.
b4 Rxa8 22. Rb1 cxb4 23. Bxb4 Qb6+ 24. Qf2 Qc7 25. Bxe7 Qxe7 26. g4 b6 27. Rf1
Rf8 28. g5 1-0

[Event "Titled Tue 20th May Late"]
[Site "chess.com INT"]
[Date "2025.05.20"]
[Round "9"]
[White "Boyer, Mahel"]
[Black "Kollars, Dmitrij"]
[Result "0-1"]
[WhiteTitle "GM"]
[BlackTitle "GM"]
[WhiteElo "2521"]
[BlackElo "2625"]
[WhiteFideId "45102422"]
[BlackFideId "12909572"]
[EventDate "2025.05.20"]

1. Nf3 d5 2. e3 Nc6 3. c4 d4 4. exd4 Nxd4 5. Nxd4 Qxd4 6. d3 c6 7. Nc3 g6 8. Be3
Qd8 9. d4 Nh6 10. Qd2 Nf5 11. O-O-O Bg7 12. d5 Qa5 13. Bg5 O-O 14. Kb1 Nd6 15.
Bxe7 Bf5+ 16. Ka1 Bxc3 17. Qxc3 Qxc3 18. bxc3 Ne4 19. Bd3 Nxf2 20. Bxf5 gxf5 21.
Bxf8 Kxf8 22. Rhf1 Nxd1 23. Rxd1 Ke7 24. c5 Kd7 25. c4 Re8 26. Kb2 Re3 27. dxc6+
Kxc6 28. Rd5 f4 29. Rf5 Re2+ 30. Kb3 Rxg2 31. Kb4 Rb2+ 32. Kc3 Rxa2 33. Rxf4
Rxh2 34. Rf6+ Kxc5 35. Rxf7 Rh3+ 36. Kd2 b6 37. Rc7+ Kd4 38. Rxa7 Rh2+ 0-1

[Event "Titled Tue 20th May Late"]
[Site "chess.com INT"]
[Date "2025.05.20"]
[Round "9"]
[White "Materia, Marco"]
[Black "Petriashvili, Nikoloz"]
[Result "1-0"]
[WhiteTitle "IM"]
[BlackTitle "IM"]
[WhiteElo "2489"]
[BlackElo "2468"]
[WhiteFideId "45150451"]
[BlackFideId "13611216"]
[EventDate "2025.05.20"]

1. Nf3 Nf6 2. c4 Nc6 3. d4 e6 4. a3 d5 5. Qc2 Bd6 6. Bg5 h6 7. Bh4 g5 8. Bg3 g4
9. cxd5 exd5 10. Ne5 Nxd4 11. Qa4+ Nc6 12. Nxc6 bxc6 13. Qxc6+ Bd7 14. Qc2 Ne4
15. e3 Nxg3 16. hxg3 h5 17. Nc3 c6 18. O-O-O Qf6 19. Bd3 Be5 20. e4 Bxc3 21.
Qxc3 Qxc3+ 22. bxc3 Be6 23. f4 gxf3 24. gxf3 Rb8 25. Bc2 dxe4 26. Bxe4 Rb3 27.
Kc2 Rxa3 28. Rb1 Ra2+ 29. Kd3 Ke7 30. Bxc6 Rd8+ 31. Ke3 Rc8 32. Be4 Rxc3+ 33.
Kf4 Rc5 34. Rb7+ Kf6 35. g4 hxg4 36. Rh6+ Kg7 37. Rxe6 gxf3 38. Ree7 f2 39.
Rxf7+ Kg8 40. Bh7+ 1-0

[Event "Titled Tue 20th May Late"]
[Site "chess.com INT"]
[Date "2025.05.20"]
[Round "9"]
[White "Cramling Bellon, Anna"]
[Black "Luong Phuong Hanh"]
[Result "0-1"]
[WhiteTitle "WFM"]
[BlackTitle "WIM"]
[WhiteElo "2046"]
[BlackElo "2144"]
[WhiteFideId "32009232"]
[BlackFideId "12401013"]
[EventDate "2025.05.20"]

1. d4 Nf6 2. c4 g6 3. Nc3 d5 4. cxd5 Nxd5 5. e4 Nxc3 6. bxc3 Bg7 7. Qa4+ c6 8.
Nf3 O-O 9. Be3 a5 10. Rc1 b5 11. Qa3 Ba6 12. Qb2 b4 13. cxb4 Bxf1 14. Kxf1 axb4
15. h4 Qa5 16. h5 Qxa2 17. Qxb4 Na6 18. Qxe7 Rae8 19. Qh4 g5 20. Qxg5 h6 21. Qg4
Qe6 22. Qxe6 Rxe6 23. Rh4 Rfe8 24. Ne5 c5 25. Rg4 cxd4 26. Bxd4 Kh7 27. f4 Nb4
28. Rb1 Nc2 29. Bc3 Bxe5 30. Bxe5 Ne3+ 31. Ke2 Nxg4 32. Rb7 Nxe5 33. fxe5 R8e7 0-1

[Event "Titled Tue 20th May Late"]
[Site "chess.com INT"]
[Date "2025.05.20"]
[Round "9"]
[White "Szpar, Milosz"]
[Black "Le, Quang Liem"]
[Result "0-1"]
[WhiteTitle "IM"]
[BlackTitle "GM"]
[WhiteElo "2475"]
[BlackElo "2729"]
[WhiteFideId "1184989"]
[BlackFideId "12401137"]
[EventDate "2025.05.20"]

1. e4 e5 2. Nf3 Nc6 3. Nc3 Nf6 4. Bb5 Bd6 5. d3 O-O 6. Ba4 Re8 7. Be3 Bf8 8. h3
d5 9. Bxc6 bxc6 10. Bd2 Rb8 11. b3 Qd6 12. O-O Nd7 13. Re1 g6 14. Ne2 Nc5 15.
Ng3 Bd7 16. Be3 d4 17. Bc1 Ne6 18. Nd2 Nf4 19. Nc4 Qf6 20. Ne2 g5 21. Ng3 Kh8
22. Bd2 Bd6 23. f3 h5 24. Ba5 Rg8 25. Nxd6 cxd6 26. c3 g4 27. hxg4 hxg4 28. Kf2
gxf3 29. Rh1+ Kg7 30. gxf3 Kf8 31. cxd4 Rxg3 0-1

[Event "Titled Tue 20th May Late"]
[Site "chess.com INT"]
[Date "2025.05.20"]
[Round "9"]
[White "Aliyev, Elnur"]
[Black "Altini, Nicola"]
[Result "0-1"]
[WhiteTitle "CM"]
[BlackTitle "IM"]
[WhiteElo "2155"]
[BlackElo "2357"]
[WhiteFideId "13402617"]
[BlackFideId "833924"]
[EventDate "2025.05.20"]

1. Nf3 d5 2. g3 Nd7 3. c4 dxc4 4. a4 e5 5. Na3 Bxa3 6. Rxa3 Ngf6 7. Re3 O-O 8.
Nxe5 Nxe5 9. Rxe5 Qd6 10. f4 Bd7 11. Bg2 Qb4 12. Qc2 Bxa4 13. Qc3 a5 14. O-O c6
15. d3 Qxc3 16. bxc3 cxd3 17. exd3 Rfd8 18. d4 Bb3 19. Ba3 Bd5 20. Rb1 b5 21.
Be7 Rd7 22. Bxf6 gxf6 23. Rf5 Bxg2 24. Kxg2 Kg7 25. Rc5 Rd6 26. Kf3 a4 27. Ke4
Re6+ 28. Kd3 Rae8 29. d5 Re3+ 30. Kd2 Re2+ 31. Kd3 R8e3+ 32. Kd4 cxd5 33. Rcxb5
Rf3 34. Kxd5 Rxc3 35. Ra5 a3 36. Ra1 Ree3 37. Kd4 Kg6 38. g4 Rf3 39. Ke4 Rce3+
40. Kd4 Rb3 41. Kc4 Rb2 42. h4 Rxf4+ 43. Kc3 Rxg4 44. h5+ Kh6 45. R1xa3 Rh2 46.
R3a4 Rh3+ 47. Kd2 Rg2+ 48. Ke1 Rh1# 0-1

[Event "Titled Tue 20th May Late"]
[Site "chess.com INT"]
[Date "2025.05.20"]
[Round "9"]
[White "Di Benedetto, Guillermo"]
[Black "Howell, David W L"]
[Result "0-1"]
[WhiteTitle "FM"]
[BlackTitle "GM"]
[WhiteElo "2289"]
[BlackElo "2668"]
[WhiteFideId "111120"]
[BlackFideId "410608"]
[EventDate "2025.05.20"]

1. d4 e6 2. c4 b6 3. Nf3 Bb7 4. g3 Bxf3 5. exf3 c6 6. Bg2 d5 7. f4 g6 8. O-O Bg7
9. Be3 Ne7 10. Qe2 O-O 11. Rd1 Nd7 12. Nc3 Rc8 13. b3 Nf5 14. Rac1 Qe7 15. g4
Nd6 16. Na4 Rfd8 17. c5 Ne8 18. h3 b5 19. Nb2 a5 20. a3 Nc7 21. Nd3 f6 22. h4
Qf7 23. Qf3 Re8 24. Bh3 e5 25. fxe5 fxe5 26. Qxf7+ Kxf7 27. g5 Ne6 28. dxe5 Nxe5
29. Nxe5+ Bxe5 0-1

[Event "Titled Tue 20th May Late"]
[Site "chess.com INT"]
[Date "2025.05.20"]
[Round "9"]
[White "Galchenko, Matvey"]
[Black "Ibarra Jerez, Jose Carlos"]
[Result "0-1"]
[WhiteTitle "IM"]
[BlackTitle "GM"]
[WhiteElo "2442"]
[BlackElo "2545"]
[WhiteFideId "24175480"]
[BlackFideId "2226332"]
[EventDate "2025.05.20"]

1. e4 c5 2. c3 d5 3. exd5 Nf6 4. Qa4+ Nbd7 5. Qb3 g6 6. Nf3 Bg7 7. Be2 O-O 8.
O-O b6 9. c4 Bb7 10. Nc3 e6 11. dxe6 fxe6 12. d4 cxd4 13. Nxd4 Nc5 14. Qd1 Nh5
15. Be3 Nf4 16. Bxf4 Rxf4 17. Nf3 Qf6 18. Re1 g5 19. Rf1 Rf8 20. Qe1 Qh6 21. h3
g4 22. Nh2 Bxg2 23. Kxg2 Qxh3+ 24. Kg1 Be5 0-1

[Event "Titled Tue 20th May Late"]
[Site "chess.com INT"]
[Date "2025.05.20"]
[Round "9"]
[White "Logozar, Elijah"]
[Black "Cernov, Henrik"]
[Result "0-1"]
[BlackTitle "FM"]
[WhiteElo "1945"]
[BlackElo "2325"]
[WhiteFideId "30963788"]
[BlackFideId "16258312"]
[EventDate "2025.05.20"]

1. e4 e6 2. d4 d5 3. Nc3 Nf6 4. e5 Nfd7 5. f4 c5 6. Nf3 Nc6 7. Be3 Rb8 8. Qd2
Qa5 9. Be2 b5 10. O-O b4 11. Nd1 cxd4 12. Nxd4 Nxd4 13. Bxd4 Bc5 14. Nf2 Ba6 15.
Bxa6 Qxa6 16. Qe3 Bxd4 17. Qxd4 Qb6 18. Qd1 O-O 19. Kh1 a5 20. Qh5 f6 21. exf6
Rxf6 22. Nd3 Rbf8 23. Rfe1 Nc5 24. Nxc5 Qxc5 25. Qe2 Rxf4 26. Qxe6+ Kh8 27. Rac1
Qxc2 28. h3 Qxb2 29. Qxd5 a4 30. Qd6 h6 31. Rc8 Rxc8 32. Qxf4 Qc3 33. Rb1 b3 34.
Qxa4 b2 35. Kh2 Qc7+ 36. g3 Qc2+ 37. Qxc2 Rxc2+ 38. Kg1 Rc1+ 0-1

[Event "Titled Tue 20th May Late"]
[Site "chess.com INT"]
[Date "2025.05.20"]
[Round "9"]
[White "Aranda, Juan Manuel"]
[Black "Arakhamia-Grant, Ketevan"]
[Result "1-0"]
[WhiteTitle "CM"]
[BlackTitle "GM"]
[WhiteElo "2134"]
[BlackElo "2262"]
[WhiteFideId "160458"]
[BlackFideId "13600168"]
[EventDate "2025.05.20"]

1. Nf3 Nf6 2. g3 g6 3. Bg2 Bg7 4. O-O O-O 5. d3 d5 6. c4 c6 7. Nc3 Re8 8. Qc2 e5
9. b3 Na6 10. Bb2 Nb4 11. Qb1 a5 12. a3 Na6 13. Ra2 d4 14. Nd1 Bf5 15. Nh4 Bg4
16. Re1 Qd7 17. e3 Nc5 18. Qc2 Bh6 19. e4 a4 20. b4 Nb3 21. f3 Be6 22. Nf2 Be3
23. Bf1 Nh5 24. Ng2 Bh6 25. Bc1 Nxc1 26. Rxc1 Bxc1 27. Qxc1 Kg7 28. Rc2 f5 29.
Be2 1-0

[Event "Titled Tue 20th May Late"]
[Site "chess.com INT"]
[Date "2025.05.20"]
[Round "9"]
[White "Sakhayi, Mostafa"]
[Black "Terron Elena, Francisco M."]
[Result "0-1"]
[WhiteTitle "CM"]
[BlackTitle "FM"]
[WhiteElo "2166"]
[BlackElo "2148"]
[WhiteFideId "12512532"]
[BlackFideId "2210576"]
[EventDate "2025.05.20"]

1. d4 d5 2. c4 dxc4 3. e3 e5 4. Bxc4 exd4 5. Qb3 Qe7 6. a3 Nc6 7. Nf3 Nf6 8. O-O
d3 9. Qxd3 Be6 10. Nc3 Bxc4 11. Qxc4 Qc5 12. Qb3 Qb6 13. Qc2 Bd6 14. b4 O-O 15.
Bb2 Ne5 16. Nxe5 Bxe5 17. Na4 Qe6 18. Nc5 Qe7 19. Nxb7 Bxb2 20. Qxb2 Rab8 21.
Na5 Qe4 22. Rfd1 c5 23. b5 h5 24. h3 h4 25. Rac1 Qa4 26. Nc4 Rxb5 27. Qe5 Re8
28. Qg5 Rb7 29. Nd6 Rd7 30. Nxe8 Rxd1+ 31. Kh2 Nxe8 32. Rxc5 Qd7 33. Re5 f6 34.
Qf5 fxe5 35. Qxe5 Qd6 0-1

[Event "Titled Tue 20th May Late"]
[Site "chess.com INT"]
[Date "2025.05.20"]
[Round "9"]
[White "Abraham, John Z"]
[Black "Lugo, Blas"]
[Result "1-0"]
[BlackTitle "IM"]
[WhiteElo "2100"]
[BlackElo "2399"]
[WhiteFideId "30987318"]
[BlackFideId "2011263"]
[EventDate "2025.05.20"]

1. d4 d5 2. c4 c6 3. cxd5 cxd5 4. Bf4 Nc6 5. e3 Nf6 6. Nc3 e6 7. Bd3 Bd6 8. Bxd6
Qxd6 9. Nf3 O-O 10. O-O Bd7 11. a3 Rfc8 12. Rc1 Na5 13. b4 Nc4 14. Qb3 a6 15.
Bxc4 dxc4 16. Qb2 b5 17. e4 Qe7 18. Rfe1 Bc6 19. d5 Bb7 20. d6 Qd8 21. Qe2 Nd7
22. e5 h6 23. Rcd1 Bc6 24. Rd4 a5 25. Rg4 axb4 26. axb4 Ra3 27. Qd2 Kh7 28. Nb1
Rb3 29. Nd4 Bd5 30. Nxb3 cxb3 31. Qd3+ Kh8 32. Qg3 Qf8 33. Nc3 Rc4 34. Nxd5 exd5
35. Rxc4 bxc4 36. Qg4 Qc8 37. b5 c3 38. b6 c2 39. b7 Qxb7 40. Qe2 d4 41. h4 Qb4
42. e6 fxe6 43. Qxe6 b2 44. Qe8+ Kh7 45. Qe4+ Kg8 46. Qd5+ Kh7 47. Qf5+ Kh8 48.
Re8+ 1-0

[Event "Titled Tue 20th May Late"]
[Site "chess.com INT"]
[Date "2025.05.20"]
[Round "9"]
[White "Eminov, Orkhan"]
[Black "Obregon Rivero, Juan Carlos"]
[Result "0-1"]
[WhiteTitle "FM"]
[BlackTitle "GM"]
[WhiteElo "2239"]
[BlackElo "2476"]
[WhiteFideId "13402153"]
[BlackFideId "3507815"]
[EventDate "2025.05.20"]

1. e4 c5 2. Nf3 d6 3. Bb5+ Bd7 4. c4 Nf6 5. Nc3 g6 6. d4 cxd4 7. Nxd4 Bg7 8. O-O
O-O 9. f3 Nc6 10. Bxc6 bxc6 11. Be3 c5 12. Nde2 Bc6 13. Qd2 Nd7 14. Bh6 a5 15.
Bxg7 Kxg7 16. f4 a4 17. Rad1 Qb6 18. f5 Rab8 19. Rb1 Qb4 20. b3 axb3 21. axb3
Qa3 22. fxg6 hxg6 23. Qg5 f6 24. Qg3 Ne5 25. Nf4 Rxb3 26. Rxb3 Qxb3 27. Ne6+ Kf7
28. Nxf8 Kxf8 29. Qh3 Qxc4 30. Qh8+ Kf7 31. Qh7+ Ke8 32. Qh8+ Kd7 33. Nd5 Qxe4
34. Nb6+ Kc7 35. Na8+ Bxa8 36. Rf2 Ng4 0-1

[Event "Titled Tue 20th May Late"]
[Site "chess.com INT"]
[Date "2025.05.20"]
[Round "9"]
[White "Ismagilov, Damir"]
[Black "Lortkipanidze, Nodar"]
[Result "0-1"]
[WhiteTitle "CM"]
[BlackTitle "IM"]
[WhiteElo "2173"]
[BlackElo "2359"]
[WhiteFideId "34199982"]
[BlackFideId "13604058"]
[EventDate "2025.05.20"]

1. d4 e6 2. c4 b6 3. e4 Bb7 4. Bd3 f5 5. exf5 Bb4+ 6. Kf1 Nf6 7. a3 Be7 8. h4
O-O 9. Nc3 exf5 10. Bxf5 d5 11. Be6+ Kh8 12. Nf3 dxc4 13. Ng5 Nc6 14. Nf7+ Rxf7
15. Bxf7 Na5 16. Bf4 Bd6 17. Bxd6 Qxd6 18. d5 Rf8 19. Be6 Nb3 20. Rb1 Nc5 21.
Qe2 Nd3 22. Bf5 Nxd5 23. Qe6 Qf4 24. Ne4 Ne3+ 25. Kg1 Bxe4 26. Qxe4 Qxf2+ 27.
Kh2 Nf4 28. Bh3 Ne2 29. Rhe1 h6 0-1

[Event "Titled Tue 20th May Late"]
[Site "chess.com INT"]
[Date "2025.05.20"]
[Round "9"]
[White "Bortnyk, Olexandr"]
[Black "Caruana, Fabiano"]
[Result "1-0"]
[WhiteTitle "GM"]
[BlackTitle "GM"]
[WhiteElo "2601"]
[BlackElo "2776"]
[WhiteFideId "14120828"]
[BlackFideId "2020009"]
[EventDate "2025.05.20"]

1. e4 c5 2. Be2 Nc6 3. d3 g6 4. f4 Bg7 5. Nf3 Nf6 6. c3 O-O 7. Be3 d6 8. O-O b5
9. Kh1 b4 10. Qc2 Rb8 11. Nbd2 Ba6 12. Bg1 bxc3 13. bxc3 Nd7 14. Rac1 Qa5 15.
Rfe1 Qa3 16. Nb3 Bb5 17. Qd2 a5 18. d4 a4 19. Bxb5 Rxb5 20. Qe2 Rfb8 21. Nbd2
Na5 22. e5 Qxa2 23. Ra1 Qc2 24. e6 Nf8 25. exf7+ Kh8 26. Qxe7 Qxc3 27. Rxa4 Nc6
28. Qxd6 cxd4 29. Rc4 Rd8 30. Qxc6 1-0

[Event "Titled Tue 20th May Late"]
[Site "chess.com INT"]
[Date "2025.05.20"]
[Round "9"]
[White "Zanette, Edgard Vinicius"]
[Black "Rees, Ioan"]
[Result "1-0"]
[BlackTitle "FM"]
[WhiteElo "2041"]
[BlackElo "2288"]
[WhiteFideId "2109263"]
[BlackFideId "1801236"]
[EventDate "2025.05.20"]

1. e4 e5 2. Nf3 Nc6 3. Bb5 a6 4. Ba4 Nf6 5. O-O Nxe4 6. Re1 Nc5 7. Bxc6 dxc6 8.
Nxe5 Be7 9. d4 Ne6 10. c3 O-O 11. Be3 c5 12. dxc5 Nxc5 13. Qf3 Be6 14. Na3 Na4
15. Rad1 Qc8 16. Bc1 Bd6 17. Nac4 Be7 18. b3 Nc5 19. h3 c6 20. Nb6 Qc7 21. Nxa8
Rxa8 22. Ng4 Bf8 23. Bf4 Qc8 24. Qg3 Kh8 25. Be5 Nd7 26. Bd4 c5 27. Be3 a5 28.
Ne5 Nxe5 29. Qxe5 a4 30. bxa4 Rxa4 31. Bg5 Ra8 32. Rd8 Qxd8 33. Bxd8 Rxd8 34.
Qc7 Ra8 35. Qxb7 Rxa2 36. Qb8 Kg8 37. Rd1 g6 38. Rd8 Ra1+ 39. Kh2 Rb1 40. Qxb1 1-0

[Event "Titled Tue 20th May Late"]
[Site "chess.com INT"]
[Date "2025.05.20"]
[Round "9"]
[White "Nguyen Hong Nhung"]
[Black "Swara Lakshmi S Nair"]
[Result "0-1"]
[WhiteTitle "WFM"]
[BlackTitle "WCM"]
[WhiteElo "2197"]
[BlackElo "2178"]
[WhiteFideId "12412201"]
[BlackFideId "25629239"]
[EventDate "2025.05.20"]

1. e4 c5 2. Nf3 d6 3. d4 cxd4 4. Nxd4 Nf6 5. Nc3 Nc6 6. Bg5 e6 7. Qd2 Be7 8. f3
a6 9. Nxc6 bxc6 10. O-O-O Bd7 11. h4 Qa5 12. Kb1 h6 13. Nd5 Qxd2 14. Nxf6+ Bxf6
15. Bxd2 d5 16. Bd3 O-O 17. g4 Rfb8 18. c3 Be7 19. Ka1 Rb7 20. g5 h5 21. g6 fxg6
22. exd5 cxd5 23. Bxg6 Be8 24. Bd3 Bb5 25. Bc2 Be2 26. Rde1 Bxf3 27. Rh2 Bg4 28.
Bf4 Bf6 29. Bg3 a5 30. Ba4 Ra6 31. Rd2 Bf5 32. Rf2 Rab6 0-1

[Event "Titled Tue 20th May Late"]
[Site "chess.com INT"]
[Date "2025.05.20"]
[Round "9"]
[White "Hungaski, Robert"]
[Black "Azamikia, Mehran"]
[Result "0-1"]
[WhiteTitle "GM"]
[BlackTitle "CM"]
[WhiteElo "2477"]
[BlackElo "2130"]
[WhiteFideId "2021030"]
[BlackFideId "12502502"]
[EventDate "2025.05.20"]

1. h3 d5 2. e3 e5 3. d4 Nd7 4. Nf3 e4 5. Nfd2 c6 6. c4 Bd6 7. b4 Ne7 8. b5 O-O
9. Ba3 Bxa3 10. Nxa3 f5 11. g3 g5 12. Qb3 f4 13. gxf4 gxf4 14. c5 Kh8 15. O-O-O
Nf6 16. Nc2 Qc7 17. a4 Nf5 18. Qc3 Be6 19. Be2 Rg8 20. Bg4 fxe3 21. Nxe3 Nxe3
22. Qxe3 Bxg4 23. hxg4 Nxg4 24. Qe2 Qf4 25. Rh4 Qg5 26. Rdh1 Rg7 27. Kb1 Rf8 28.
f3 exf3 29. Nxf3 Qf5+ 30. Ka1 Qxf3 31. Qc2 Qa3+ 32. Kb1 Qb4+ 33. Ka1 Rff7 34.
Qe2 Qxa4+ 35. Kb1 Qxb5+ 36. Qxb5 cxb5 37. Re1 Nf6 0-1

[Event "Titled Tue 20th May Late"]
[Site "chess.com INT"]
[Date "2025.05.20"]
[Round "9"]
[White "Hernandez Bermudez, Ulises Eduardo"]
[Black "Bahmani, Koorosh"]
[Result "0-1"]
[BlackTitle "CM"]
[WhiteElo "2042"]
[BlackElo "2208"]
[WhiteFideId "3902510"]
[BlackFideId "42576750"]
[EventDate "2025.05.20"]

1. e4 c6 2. d4 d5 3. exd5 cxd5 4. c4 Nf6 5. Nc3 e6 6. c5 Nc6 7. Bf4 Be7 8. Nf3
O-O 9. a3 Ne4 10. Bd3 f5 11. h4 Bf6 12. Bb5 Bd7 13. Bxc6 Bxc6 14. Be5 Kh8 15.
Qc1 b6 16. b4 bxc5 17. bxc5 Qa5 18. O-O Nxc3 19. Re1 Ne4 20. h5 Bb5 21. Qf4 Bc4
22. h6 Rg8 23. hxg7+ Bxg7 24. Rxe4 fxe4 25. Ng5 Raf8 26. Bxg7+ Kxg7 27. Nxe6+
Kg6 28. Nxf8+ Rxf8 29. Qxf8 Qc3 30. Qd6+ Kg5 31. Qe5+ Kg6 32. Re1 Qxe1+ 33. Kh2
Qxf2 34. c6 Qf6 35. Qe8+ Qf7 36. Qe5 Ba6 37. c7 Bc8 38. Qd6+ Qe6 39. Qg3+ Kf7
40. Qf4+ Ke8 41. Qh4 e3 42. Qxh7 e2 43. Qh8+ Kd7 44. Qd8+ Kc6 0-1

[Event "Titled Tue 20th May Late"]
[Site "chess.com INT"]
[Date "2025.05.20"]
[Round "9"]
[White "Becking, Stephan"]
[Black "Coe, William"]
[Result "1-0"]
[WhiteTitle "IM"]
[WhiteElo "2410"]
[BlackElo "2078"]
[WhiteFideId "4632478"]
[BlackFideId "30913624"]
[EventDate "2025.05.20"]

1. d4 Nf6 2. c3 e6 3. Nf3 c5 4. Bg5 cxd4 5. Bxf6 Qxf6 6. cxd4 d5 7. e3 Be7 8.
Bb5+ Bd7 9. Bxd7+ Nxd7 10. Qa4 a6 11. Nc3 Bd6 12. O-O Qe7 13. e4 dxe4 14. Nxe4
O-O 15. Rac1 b5 16. Qa5 Nf6 17. Nxf6+ Qxf6 18. Rc6 Qe7 19. Rxa6 Rxa6 20. Qxa6 b4
21. Rc1 e5 22. dxe5 Bxe5 23. Re1 f6 24. Qc4+ Kh8 25. Qd5 Rd8 26. Qe4 g6 27. g3
Kg7 28. Kg2 Re8 29. Nxe5 fxe5 30. f4 Qa7 31. Qxb4 Qxa2 32. fxe5 Re6 33. Re2 Qd5+
34. Qe4 Qb5 35. h4 h5 36. Kh2 Qb6 37. b4 Qb5 38. Re3 Qb6 39. Qf4 Qb5 40. Rf3
Qe2+ 41. Rf2 Qxe5 42. Qf8+ Kh7 43. Rf7+ 1-0

[Event "Titled Tue 20th May Late"]
[Site "chess.com INT"]
[Date "2025.05.20"]
[Round "9"]
[White "Ersoz, Teoman Guney"]
[Black "Herrera Ortiz, Miguel"]
[Result "1-0"]
[WhiteTitle "CM"]
[BlackTitle "IM"]
[WhiteElo "2090"]
[BlackElo "2174"]
[WhiteFideId "44537050"]
[BlackFideId "5100550"]
[EventDate "2025.05.20"]

1. e4 e6 2. d4 d5 3. Nd2 c5 4. Ngf3 a6 5. exd5 exd5 6. dxc5 Bxc5 7. Nb3 Bb6 8.
Bd3 Ne7 9. h3 Nbc6 10. c3 h6 11. Bf4 O-O 12. O-O Re8 13. Re1 Be6 14. Ne5 Nxe5
15. Bxe5 Nc6 16. Bd4 Nxd4 17. Nxd4 Qf6 18. Qd2 Bc7 19. Nxe6 fxe6 20. c4 Be5 21.
Rab1 Bd4 22. cxd5 exd5 23. Rxe8+ Rxe8 24. Re1 Rf8 25. Re2 Qb6 26. Bb1 Rd8 27.
Qd3 Kf7 28. Rd2 Be5 29. Re2 Qf6 30. Re3 Ke7 31. Rf3 Qg5 32. g3 Rf8 33. Re3 Kd6
34. Qa3+ Ke6 35. Qxf8 1-0

[Event "Titled Tue 20th May Late"]
[Site "chess.com INT"]
[Date "2025.05.20"]
[Round "9"]
[White "Aravindh, Chithambaram VR."]
[Black "Zou, Chen"]
[Result "1-0"]
[WhiteTitle "GM"]
[BlackTitle "IM"]
[WhiteElo "2749"]
[BlackElo "2443"]
[WhiteFideId "5072786"]
[BlackFideId "8610959"]
[EventDate "2025.05.20"]

1. Nf3 d6 2. d4 Nd7 3. Nc3 c6 4. e4 g6 5. Bd3 Bg7 6. O-O Ngf6 7. Be3 e5 8. h3
O-O 9. a4 a5 10. Re1 Qc7 11. Qd2 Re8 12. Rad1 Nf8 13. Bh6 Ne6 14. Bxg7 Kxg7 15.
Ne2 exd4 16. Nfxd4 Nc5 17. Nc3 Bd7 18. Qf4 Nh5 19. Qh2 Rad8 20. g4 Nf6 21. g5
Ng8 22. Bc4 Be6 23. Nxe6+ Nxe6 24. h4 h5 25. b3 Nc5 26. Rd4 Ne7 27. Red1 Nc8 28.
f4 Nb6 29. f5 Nxc4 30. Rxc4 gxf5 31. exf5 Re3 32. Qf4 Rde8 33. Rxc5 Qb6 34. Qxd6
R8e5 35. Qf6+ Kg8 36. Rd8+ Re8 37. Rxe8+ Rxe8 38. Qd6 Rd8 39. Qe7 Rd4 40. Qe8+
Kg7 41. f6+ Kh7 42. Qxf7+ 1-0

[Event "Titled Tue 20th May Late"]
[Site "chess.com INT"]
[Date "2025.05.20"]
[Round "9"]
[White "Mammadov, Sadig"]
[Black "Dauer, Andre Leonardo"]
[Result "1-0"]
[WhiteTitle "IM"]
[BlackTitle "CM"]
[WhiteElo "2395"]
[BlackElo "2138"]
[WhiteFideId "13408712"]
[BlackFideId "2126915"]
[EventDate "2025.05.20"]

1. Nf3 d5 2. b3 e6 3. Bb2 f5 4. e3 Nf6 5. c4 Nc6 6. Be2 Bd6 7. O-O O-O 8. d3 e5
9. Nc3 e4 10. dxe4 dxe4 11. Nd4 Nxd4 12. Qxd4 c5 13. Qd1 a6 14. Nd5 Be6 15.
Nxf6+ gxf6 16. Qc2 Qe7 17. f3 Bd7 18. Rad1 exf3 19. Bxf3 Be6 20. Bxb7 Bxh2+ 21.
Kxh2 Qxb7 22. Rf3 Kf7 23. Qc3 Qe7 24. e4 fxe4 25. Rxf6+ Ke8 26. Rdf1 Rf7 27.
Rxf7 Bxf7 28. Qh8+ Qf8 29. Qe5+ Qe7 30. Qh8+ Qf8 31. Qf6 Ra7 32. Qc6+ Rd7 33.
Rd1 Qe7 34. Bf6 Qe6 35. Qc8+ Rd8 36. Qxd8# 1-0